000 01293nam a22002537a 4500
003 OSt
005 20220318093810.0
008 120425t xxu||||| |||| 00| 0 eng d
010 _a2004116589
020 _a3540405917
020 _a16121449
040 _cLC
050 _aT385.D48
100 _aDeussen, Oliver
245 _aDigital design of nature: computer generated plants and organics. /
_cOliver Deussen, Bernd Lintermann
260 _aNew York:
_bSpringer.,
_c2010.
300 _axii, 295 p.:
_bill.;
_c25cm.
500 _aIncludes index.
505 _aContents: Computer-Generated Plants.- Plants.- Some Mathematics.- Procedural Modeling.- Rule-Based Modeling.- Rule-Based Object Production.- Modeling Terrain.- Modeling Vegetation.- Rendering.- Level-of-Detail.- Landscape Sketches.- Media Art -- Practical plant modeling ==
520 _aPresents fundamentals of Computer Graphics and its applications. This title helps the reader to understand: how computer hardware interacts with computer graphics; how it draws various objects, namely, line, circle, and hyperbola; how realistic images are formed; how we see pictures move; and, how different colors are generated from visible light.
650 _aComputer graphics
700 _aLintermann, Bernd
942 _2lcc
_cBK
999 _c7500
_d15000